[Event "URU-ch sf2"]
[Site "Colonia del Sacramento"]
[Date "2023.02.17"]
[Round "1"]
[White "Vassallo, Mariano"]
[Black "Benitez, Andres"]
[Result "1/2-1/2"]
[WhiteElo "1615"]
[BlackElo "1974"]
[PlyCount "119"]
[EventDate "2023.02.17"]
[EventType "swiss"]
[EventRounds "7"]
[EventCountry "URU"]
[SourceTitle "CBM 213 Extra"]
[Source "ChessBase"]
[SourceDate "2023.05.31"]
[SourceVersion "1"]
[SourceVersionDate "2023.05.31"]
[SourceQuality "1"]

1. e4 e5 2. Nf3 Nc6 3. Bc4 Nf6 4. d3 h6 5. c3 d6 6. Nbd2 a6 7. Bb3 g6 8. 0-0 Bg7 9. Re1 0-0 10. Nf1 d5 11. Ng3 dxe4 12. Nxe4 Nd5 13. Bxd5 Qxd5 14. Bxh6 f6 15. Bxg7 Kxg7 16. d4 exd4 17. Nxd4 Nxd4 18. Qxd4 Qxd4 19. cxd4 Rd8 20. Rad1 c6 21. Nc3 Kf7 22. d5 Bd7 23. f3 cxd5 24. Rxd5 Be6 25. Rdd1 Rxd1 26. Rxd1 b5 27. a3 Rb8 28. b4 f5 29. Rd2 Rc8 30. Ne2 Bc4 31. Kf2 Ra8 32. Nf4 a5 33. Rd7+ Kf6 34. Rd2 axb4 35. axb4 g5 36. Nd5+ Ke5 37. Nb6 Ra3 38. g3 Be6 39. h4 gxh4 40. gxh4 Ra7 41. Rc2 Rb7 42. Rc5+ Kd4 43. Nc8 Bd7 44. Nd6 Ra7 45. Nxb5+ Bxb5 46. Rxb5 f4 47. Rc5 Ra2+ 48. Kg1 Rb2 49. h5 Rxb4 50. Rc2 Ke3 51. h6 Kxf3 52. h7 Rb8 53. Rf2+ Ke3 54. Rh2 Rh8 55. Rh6 Kf3 56. Kh2 Kg4 57. Rg6+ Kf5 58. Rg7 Kf6 59. Rb7 Kg6 60. Kg2 1/2-1/2

[Event "Montevideo Duchamp Cup 6th"]
[Site "Montevideo"]
[Date "2023.02.10"]
[Round "8"]
[White "Vassallo, Mariano"]
[Black "Ramirez, Jose Antonio"]
[Result "1/2-1/2"]
[WhiteElo "1615"]
[BlackElo "1927"]
[PlyCount "63"]
[EventDate "2023.02.03"]
[EventType "swiss"]
[EventRounds "9"]
[EventCountry "URU"]
[SourceTitle "CBM 212 Extra"]
[Source "ChessBase"]
[SourceDate "2023.03.31"]
[SourceVersion "1"]
[SourceVersionDate "2023.03.31"]
[SourceQuality "1"]

1. e4 c5 2. Nf3 a6 3. d4 cxd4 4. Nxd4 Nf6 5. Nc3 d6 6. Be2 e6 7. 0-0 Be7 8. Be3 Qc7 9. f4 Nc6 10. a4 h5 11. Nb3 b6 12. Bf3 Bb7 13. Nd4 Na5 14. e5 dxe5 15. Bxb7 Nxb7 16. fxe5 Qxe5 17. Qf3 0-0 18. Nc6 Qc7 19. Nxe7+ Qxe7 20. Bg5 Qc5+ 21. Be3 Qc7 22. Rae1 Na5 23. Ne4 Ng4 24. Bf4 e5 25. h3 exf4 26. hxg4 hxg4 27. Nf6+ gxf6 28. Qxg4+ Kh7 29. Qh5+ Kg7 30. Qg4+ Kh6 31. Qh4+ Kg6 32. Qg4+ 1/2-1/2

[Event "Montevideo Duchamp Cup 6th"]
[Site "Montevideo"]
[Date "2023.02.09"]
[Round "7"]
[White "Elters, Antoine"]
[Black "Vassallo, Mariano"]
[Result "1-0"]
[WhiteElo "2179"]
[BlackElo "1615"]
[PlyCount "79"]
[EventDate "2023.02.03"]
[EventType "swiss"]
[EventRounds "9"]
[EventCountry "URU"]
[SourceTitle "CBM 212 Extra"]
[Source "ChessBase"]
[SourceDate "2023.03.31"]
[SourceVersion "1"]
[SourceVersionDate "2023.03.31"]
[SourceQuality "1"]

1. e4 e5 2. Nf3 Nc6 3. Bc4 Nf6 4. d3 Bc5 5. 0-0 d6 6. c3 0-0 7. a4 a5 8. h3 Ba7 9. Na3 h6 10. Nb5 Be6 11. Nxa7 Rxa7 12. Be3 Ra8 13. Qb3 Qd7 14. Bxe6 fxe6 15. Rad1 d5 16. Bc5 Rfe8 17. Rfe1 b6 18. Ba3 Kh8 19. Qb5 Rad8 20. Rd2 Nh5 21. Kh2 g5 22. Re3 Nf6 23. g4 h5 24. Kg3 Rg8 25. exd5 Nxd5 26. Nxe5 Nxe5 27. Rxe5 Qf7 28. Qc4 c5 29. Qe4 Nf4 30. b4 hxg4 31. hxg4 Qf6 32. f3 Kg7 33. c4 Rh8 34. Bb2 Rh3+ 35. Kf2 Kf7 36. Qb7+ Ke8 37. Rd5 Qh6 38. Qc6+ Kf7 39. Qc7+ Kg6 40. Rxg5+ 1-0

[Event "URU-ch U20"]
[Site "Montevideo"]
[Date "2022.04.03"]
[Round "6"]
[White "Vassallo, Mariano"]
[Black "Ocampo, Ivan"]
[Result "1-0"]
[WhiteElo "1793"]
[BlackElo "1346"]
[PlyCount "49"]
[EventDate "2022.04.01"]
[EventType "swiss"]
[EventRounds "6"]
[EventCountry "URU"]
[SourceTitle "CBM 207 Extra"]
[Source "ChessBase"]
[SourceDate "2022.05.31"]
[SourceVersion "1"]
[SourceVersionDate "2022.05.31"]
[SourceQuality "1"]

1. e4 c5 2. Nf3 d6 3. d4 cxd4 4. Nxd4 Nf6 5. Nc3 a6 6. Be2 e5 7. Nb3 Be7 8. Be3 0-0 9. 0-0 Be6 10. f4 Qc7 11. f5 Bc4 12. Bxc4 Qxc4 13. Qf3 Rd8 14. g4 d5 15. g5 Nxe4 16. f6 Bc5 17. Bxc5 Nxc5 18. fxg7 Rd7 19. Rad1 d4 20. Nxc5 Qxc5 21. Ne4 Qc6 22. Nf6+ Kxg7 23. Qh3 Rd6 24. Qh6+ Kh8 25. Qxh7# 1-0

[Event "URU-ch sf"]
[Site "Montevideo"]
[Date "2022.02.26"]
[Round "1"]
[White "Vassallo, Mariano"]
[Black "Arean, Martin"]
[Result "1/2-1/2"]
[WhiteElo "1581"]
[BlackElo "2038"]
[PlyCount "85"]
[EventDate "2022.02.26"]
[EventType "swiss"]
[EventRounds "7"]
[EventCountry "URU"]
[SourceTitle "CBM 207 Extra"]
[Source "ChessBase"]
[SourceDate "2022.05.31"]
[SourceVersion "1"]
[SourceVersionDate "2022.05.31"]
[SourceQuality "1"]

1. e4 c5 2. Nf3 d6 3. d4 cxd4 4. Nxd4 Nf6 5. Nc3 a6 6. Be2 e5 7. Nb3 Be7 8. Be3 Be6 9. 0-0 0-0 10. f4 exf4 11. Bxf4 Nc6 12. Kh1 Rc8 13. a3 b5 14. Qe1 Ne5 15. Nd4 Qb6 16. Nxe6 fxe6 17. Bxe5 dxe5 18. Bf3 Rfd8 19. Qe2 Rd4 20. Na2 Rcd8 21. Rad1 Qd6 22. Nc3 Qc7 23. Na2 Qb6 24. c3 Rxd1 25. Rxd1 Rxd1+ 26. Qxd1 Qf2 27. Qc1 a5 28. h3 Bc5 29. b4 Be3 30. Qb1 a4 31. c4 bxc4 32. Nc3 Bd2 33. Nxa4 Be1 34. Qd1 h6 35. Qe2 Qxe2 36. Bxe2 c3 37. Bd3 Kf7 38. Kg1 Ke7 39. Kf1 Bd2 40. Bc2 Ne8 41. Nc5 Bc1 42. a4 Ba3 43. Na6 1/2-1/2

[Event "URU-ch sf"]
[Site "Montevideo"]
[Date "2019.03.01"]
[Round "1"]
[White "Vassallo, Mariano"]
[Black "Durante, Aurelio"]
[Result "0-1"]
[WhiteElo "1330"]
[BlackElo "1969"]
[PlyCount "60"]
[EventDate "2019.03.01"]
[EventType "swiss"]
[EventRounds "8"]
[EventCountry "URU"]
[SourceTitle "CBM 189 Extra"]
[Source "ChessBase"]
[SourceDate "2019.06.03"]
[SourceVersion "1"]
[SourceVersionDate "2019.06.03"]
[SourceQuality "1"]

1. e4 e5 2. Nf3 Nc6 3. Bc4 Be7 4. c3 Nf6 5. d3 0-0 6. 0-0 d5 7. exd5 Nxd5 8. Re1 Bf6 9. Nbd2 Nb6 10. Bb5 Re8 11. Bxc6 bxc6 12. Ne4 Bg4 13. h3 Bh5 14. Ng3 Bg6 15. Ne4 Qe7 16. Nxf6+ Qxf6 17. Bg5 Qf5 18. Bh4 c5 19. Qe2 f6 20. Qe4 Qd7 21. Qe3 Qb5 22. Re2 Bxd3 23. Rd2 e4 24. a4 Nxa4 25. Ne1 Nxb2 26. Nxd3 Nc4 27. Qg3 Nxd2 28. Bxf6 Qd7 29. Nf4 Qf7 30. Nh5 g6 0-1

[Event "Montevideo Duchamp Cup 3rd"]
[Site "Montevideo"]
[Date "2019.02.16"]
[Round "9"]
[White "Blanco, Rudemar Ernesto"]
[Black "Vassallo, Mariano"]
[Result "1/2-1/2"]
[WhiteElo "1507"]
[BlackElo "1341"]
[PlyCount "68"]
[EventDate "2019.02.09"]
[EventType "swiss"]
[EventRounds "9"]
[EventCountry "URU"]
[SourceTitle "CBM 189 Extra"]
[Source "ChessBase"]
[SourceDate "2019.06.03"]
[SourceVersion "1"]
[SourceVersionDate "2019.06.03"]
[SourceQuality "1"]

1. d4 d5 2. Nf3 Nf6 3. e3 e6 4. c4 c5 5. cxd5 exd5 6. Bb5+ Bd7 7. Bxd7+ Nbxd7 8. 0-0 Bd6 9. b3 Qc7 10. h3 0-0 11. dxc5 Nxc5 12. Bb2 Ncd7 13. Nbd2 Ne5 14. Nxe5 Bxe5 15. Bxe5 Qxe5 16. Nf3 Qd6 17. Nd4 Rac8 18. Rc1 h6 19. Qd3 a6 20. Rc2 Qd7 21. Rfc1 Rxc2 22. Rxc2 Rc8 23. Rxc8+ Qxc8 24. Qc2 Qxc2 25. Nxc2 Kf8 26. f3 Ke7 27. Nd4 g6 28. Kf2 Kd6 29. b4 h5 30. Kg3 Ke5 31. Nb3 Nd7 32. Nd4 Nf6 33. Kf2 Kd6 34. Nb3 Nd7 1/2-1/2

[Event "Montevideo Duchamp Cup 3rd"]
[Site "Montevideo"]
[Date "2019.02.15"]
[Round "8"]
[White "Vassallo, Mariano"]
[Black "Fabra, Nahiara"]
[Result "1/2-1/2"]
[WhiteElo "1341"]
[BlackElo "1146"]
[PlyCount "62"]
[EventDate "2019.02.09"]
[EventType "swiss"]
[EventRounds "9"]
[EventCountry "URU"]
[SourceTitle "CBM 189 Extra"]
[Source "ChessBase"]
[SourceDate "2019.06.03"]
[SourceVersion "1"]
[SourceVersionDate "2019.06.03"]
[SourceQuality "1"]

1. e4 e5 2. Nf3 Nc6 3. Bc4 Be7 4. c3 Nf6 5. d3 d6 6. Bb3 Be6 7. Bc2 0-0 8. 0-0 d5 9. exd5 Bxd5 10. Nbd2 Re8 11. Re1 Bd6 12. Ne4 Nxe4 13. dxe4 Be6 14. Bg5 Be7 15. Qxd8 Raxd8 16. Bxe7 Rxe7 17. Rad1 Rdd7 18. Ba4 Rxd1 19. Rxd1 f6 20. Kf1 Bxa2 21. Bxc6 bxc6 22. Ra1 Bc4+ 23. Ke1 a6 24. Nd2 Bd3 25. b3 c5 26. c4 Re6 27. f3 Kf7 28. Ra2 f5 29. Kf2 f4 30. Ra1 g5 31. Ra5 Rc6 1/2-1/2

[Event "Montevideo Duchamp Cup 3rd"]
[Site "Montevideo"]
[Date "2019.02.11"]
[Round "4"]
[White "Vassallo, Mariano"]
[Black "Amaral, Francisco"]
[Result "0-1"]
[WhiteElo "1341"]
[BlackElo "1546"]
[PlyCount "60"]
[EventDate "2019.02.09"]
[EventType "swiss"]
[EventRounds "9"]
[EventCountry "URU"]
[SourceTitle "CBM 188 Extra"]
[Source "ChessBase"]
[SourceDate "2019.02.26"]
[SourceVersion "1"]
[SourceVersionDate "2019.02.26"]
[SourceQuality "1"]

1. e4 e5 2. Nf3 Nc6 3. Bc4 Bc5 4. c3 d6 5. Bb3 Nf6 6. d3 0-0 7. 0-0 a6 8. Nbd2 Be6 9. Bc2 d5 10. Re1 Ng4 11. Re2 d4 12. h3 Nf6 13. c4 Nd7 14. Nf1 f5 15. Bg5 Be7 16. Bxe7 Qxe7 17. exf5 Bxf5 18. Ng3 Bxh3 19. Nxe5 Ndxe5 20. gxh3 Qh4 21. Kg2 Ng6 22. Re4 Nf4+ 23. Kf1 Qxh3+ 24. Ke1 Qg2 25. Ne2 Nh3 26. Kd2 Qg5+ 27. f4 Nxf4 28. Nxf4 Rxf4 29. Ke1 Raf8 30. Rxf4 Qg1+ 0-1